000
00323 a2200145 4500
001
68448
020
_a
9788574069135
040
_c
Anchieta - Pituba
100
_a
Ouimet, David
240
1
0
_a
Eu fico sem silĂȘncio
_l
por
245
1
0
_a
Eu fico sem silĂȘncio
362
0
_a
2021
650
4
_a
Literatura juvenil
942
_c
BK
999
_c
68448
_d
68448